| 000 | 00683cam a2200181 4500 | ||
|---|---|---|---|
| 001 | WS105101 | ||
| 008 | 000000n 000 0 eng u | ||
| 035 | _a(Sirsi) u105101 | ||
| 110 |
_aConstruction Confederation _93647 |
||
| 245 | _aConstruction Confederation | ||
| 520 | _aSite for this organisation which represents the interests of over 5000 construction companies. Includes details of the Considerate Constructors Scheme. | ||
| 650 | 0 | _aCONSIDERATE CONTRACTORS SCHEME | |
| 650 | _aBUILDING CONTRACTORS | ||
| 650 | _aORGANISATION | ||
| 690 | _aBUILT ENVIRONMENT | ||
| 856 | 4 | 0 |
_uhttps://www.thecc.org.uk/ _zView the website free of charge at www.thecc.org.uk/... |
| 942 | _n0 | ||
| 999 |
_c119452 _d119452 |
||